Clic L'empreinte carbone des régions françaises - Statistiques

Statistiques générales
  • Ce quiz a été pris 13 fois
  • Le résultat moyen est 1 sur 13
Statistiques - réponses
Hint Explanation Réponse % Correct
Centre-Val-de-Loire 9020 1
44%
Auvergne-Rhône-Alpes 9340 6 ex-aequo
22%
Corse 10102 11
11%
Hauts-de-France 11270 13
11%
Bourgogne-Franche-Comté 9270 5
11%
Pays-de-la-Loire 9340 6 ex-aequo
11%
Ile-de-France 9440 8
11%
Nouvelle-Aquitaine 9600 9
11%
Provence-Alpes-Côte d'azur 9910 10
0%
Bretagne 11180 12
0%
Grand Est 9030 2
0%
Normandie 9190 3
0%
Occitanie 9250 4
0%
Aucun quiz correspondant
Distribution des résultats
% des personnes avec chaque résultat
Percentile par nombre de réponses
Votre historique - résultats
Vous n’avez pas pris ce quiz